000 00217nam a22000857a 4500
008 161112b xxu||||| |||| 00| 0 eng d
100 _91173
_aMalhotra.S.
245 _aPrimary Mathematics-3
260 _aNew Delhi
_bFrank
_c2012
999 _c3850
_d3850